[Event "FIDE World Cup KO"]
[Site "Shenyang"]
[Date "2000.09.07"]
[Round "1.1"]
[White "Bareev, Evgeny"]
[Black "Azmaiparashvili, Zurab"]
[Result "0-1"]
[WhiteElo "2702"]
[BlackElo "2673"]
[Annotator "Finkel,A"]
[PlyCount "122"]
[EventDate "2000.09.07"]
[EventType "k.o."]
[EventRounds "4"]
[EventCountry "CHN"]
[SourceTitle "CBM 079"]
[Source "ChessBase"]
[SourceDate "2000.11.21"]
[SourceVersion "1"]
[SourceVersionDate "2000.11.21"]
[SourceQuality "1"]

1. d4 d6 2. e4 Nf6 3. Nc3 e5 $5 4. dxe5 dxe5 5. Qxd8+ Kxd8 6. Bc4 Ke8 {During
the last couple of years this move has replaced 6...Be6,which was the main
reply.Black has slightly passive,but very solid position and it's not so easy
for white to prove that his opening advantage is not temporary one.} 7. Nf3 Bd6
8. Bg5 (8. Be3 a6 9. a4 Bd7 10. Ng5 Rf8 11. Nd5 Nxd5 12. Bxd5 c6 13. Bb3 h6 14.
O-O-O Bc7 15. Nf3 $14 {Hodgson,J-Azmaiparashvili,Z/Wijk op 1993}) (8. O-O a6 9.
a4 Nc6 10. Ng5 Nd8 11. Nd5 Nxd5 12. Bxd5 f6 13. Nf3 Be6 14. Bxe6 Nxe6 15. Rd1
Ke7 $11 {Godena,M-Azmaiparashvili,Z/1st ch-Europe 2000}) 8... Nbd7 (8... c6 9.
O-O-O Bc7 10. h3 Nbd7 11. a4 a6 12. Nd2 h6 13. Be3 b5 14. Ba2 Bb6 $11 {Malinin,
V-Trushelyov,V/White Nights op 2000}) 9. O-O-O h6 (9... a6 10. a4 (10. h3 b5
11. Bb3 h6 12. Bxf6 Nxf6 13. Rhe1 Bb7 14. Nd5 Nd7 15. Nh4 $14 {Shtyrenkov,
V-Lorenz,G/Karl-Marx-Stadt 1990}) 10... h6 11. Bh4 Rb8 12. h3 Nh5 13. g4 Nf4
14. Bg3 g5 15. Bxf4 gxf4 16. Nh4 Bc5 $11 {Mamombe,K-Toloza,P/Elista olm 1998})
10. Bh4 Nb6 11. Be2 (11. Bb3) 11... Ke7 (11... Be6 12. Nb5 (12. Bxf6 gxf6 13.
Nh4 a6 14. Nf5 Bc5 $14) 12... Nxe4 13. Bd3 Nc5 14. Nxd6+ cxd6 15. Bb5+ Bd7 16.
Bxd7+ Nbxd7 17. Rxd6 f6 18. Rhd1 $16) 12. Bg3 Nbd7 13. Bc4 Nb6 14. Be2 Nbd7 15.
Nd2 {Deciding to keep on fighting.} Bb4 $5 (15... c6 16. Nc4 Bc7 17. a4 Rd8 18.
h3 Rb8 19. b4 $14) 16. f4 $5 (16. Nd5+ Nxd5 17. exd5 f5 18. f3 Kf6 19. c3 Bd6
20. Nc4 b6 $132) 16... Bxc3 17. bxc3 Nc5 $5 ({Another promising option was} 
17... exf4 18. Bxf4 Ne8 19. e5 Nc5 20. Rhf1 Ne6 21. Be3 b6 $13 {with unclear
position.}) 18. Bf3 exf4 19. Bxf4 Be6 (19... Ne6 $5) 20. Bxc7 Rac8 21. Ba5 (21.
Bg3 $6 Na4 $1 (21... Bxa2 22. c4 Na4 (22... b5 23. Kb2 Bxc4 24. Nxc4 Na4+ (
24... bxc4 25. Bd6+ Ke8 26. Rhe1 $36 {[%csl Re8][%cal Ge4e5]}) 25. Kc1 Rxc4 26.
Bd6+ Ke6 27. e5 Rhc8 28. Rd2 $16) 23. e5 Nd7 24. Ne4 Rxc4 25. Nd6 Rb4 26. Nf5+
Kd8 $13) 22. e5 Nd7 23. c4 Nc3 24. Rde1 Nxa2+ 25. Kb2 Nb4 $15) 21... Nfd7 22.
Nb3 b6 23. Bb4 Kf6 24. Rhf1 Kg6 25. Be2 Ne5 $44 26. Bxc5 (26. Nd4 Bxa2 27. Kb2
Bc4 $15) (26. Bf3 $5) 26... bxc5 27. Rd6 Kh7 28. Rfd1 {White is a pawn up and
he has the control over the d-file,but inspite of all this black seems to have
sufficient dfensive resourses.} Rc7 29. h3 Re8 30. Rd8 Ree7 31. R1d6 Bc4 32.
Bd1 $6 (32. Bd3) 32... f5 $1 {[%cal Ge5f7]} 33. exf5 $8 Nf7 34. Bh5 Nxd8 35.
Bg6+ Kh8 36. Rxd8+ Bg8 37. Bh5 Re5 $15 {I guess white evaluated this position
in his favour,which is a least too optimistic.} (37... Rcd7 38. Rf8 (38. Rxd7
Rxd7 39. Nxc5 Rd5 $17) 38... Rd5 (38... Re1+ 39. Kb2 c4 40. Nd4 Rb7+ 41. Ka3
Re5 42. Ka4) 39. Kb2 (39. c4 Rde5 40. Kb2 $13) 39... Red7 40. Bf3 Rd8 41. Rxd8
Rxd8 42. Nxc5 $13) 38. Rf8 g6 $5 39. Bxg6 Kg7 40. Rb8 Re3 {[%csl Rg2][%cal
Ge3g3]} 41. Bh5 $6 (41. Nd2) 41... Bd5 42. g4 Rxh3 43. Re8 (43. Kb2 Rh2 44. Rd8
Be4 45. Nd2 Bxf5 $17) 43... Rxc3 44. Nd2 Rd7 45. Re5 Rh3 $17 46. c4 $6 {
Weakening the position of the king.} (46. Ne4 Bxe4 47. Rxe4 Rh2 48. Kb2) 46...
Bxc4 47. Ne4 Bf7 48. f6+ (48. Nxc5 Rc7 49. Bxf7 Kxf7 50. Kd2 Rg3 $19) 48... Kf8
49. Bxf7 Kxf7 50. g5 Rh5 $1 {[%cal Gh5e5]} 51. Rxc5 hxg5 52. Kc2 Rh2+ 53. Kc3
Rh3+ 54. Kc4 Rh4 55. Re5 Rxe4+ $1 {The rooks ending is easily winning.} 56.
Rxe4 Kxf6 57. a4 a5 58. Kc5 Re7 59. Rd4 Re5+ 60. Kd6 Rf5 61. Re4 Kg6 0-1

[Event "Goodricke op 13th"]
[Site "Kolkata"]
[Date "2002.03.20"]
[Round "4"]
[White "Sulskis, Sarunas"]
[Black "Sorokin, Maxim"]
[Result "1-0"]
[WhiteElo "2579"]
[BlackElo "2551"]
[Annotator "Finkel,A"]
[PlyCount "71"]
[EventDate "2002.03.17"]
[EventType "swiss"]
[EventRounds "11"]
[EventCountry "IND"]
[SourceTitle "CBM 088"]
[Source "ChessBase"]
[SourceDate "2002.03.21"]
[SourceVersion "1"]
[SourceVersionDate "2002.03.21"]
[SourceQuality "1"]

1. e4 d6 2. d4 Nf6 3. Nc3 g6 4. Be3 c6 5. f3 b5 6. Qd2 Nbd7 7. Nh3 $5 Nb6 8.
Nf2 {White may hardly get any opening adavantage with this move.} Qc7 (8... Bg7
9. Be2 O-O 10. O-O e5 11. dxe5 dxe5 12. Qxd8 Rxd8 13. b3 Be6 14. a4 $14 {
Mokry,K-Plachetka,J/Rimavska Sobota 1990/CBM 20}) (8... b4 9. Ncd1 a5 10. a3
Ba6 11. Bxa6 Rxa6 12. axb4 Nc4 13. Qd3 Nxe3 14. Nxe3 Qb6 15. O-O d5 16. Ra4 $14
{Melanko,I-Kangas,M/Espoo 1997/EXT 2000}) (8... Bb7 9. a4 bxa4 10. Nxa4 Bg7 11.
Be2 O-O 12. O-O Nfd7 13. Bh6 Bxh6 14. Qxh6 e5 15. dxe5 dxe5 16. Qe3 $14 {
Ciocaltea,V-Mednis,E/Orense 1973/EXT 2001}) (8... a5 9. Bd3 b4 10. Ne2 e5 11.
c3 c5 12. O-O Nfd7 13. Bh6 Ba6 14. Bxf8 Rxf8 15. Bxa6 Rxa6 16. f4 $14 {
Bezgodov,A-Stambulian,A/Krasnodar 1996/EXT 2000}) (8... e5 9. O-O-O Qc7 10. g4
a6 11. g5 Nh5 12. Ng4 Bxg4 13. fxg4 Ng7 14. dxe5 O-O-O $13 {Wiersma,E-Leuw,M/
Leeuwarden 1993/TD}) 9. a3 (9. Bd3 Rb8 10. O-O Nc4 11. Bxc4 bxc4 12. Rae1 Ng8
13. e5 d5 14. e6 Bxe6 15. Bf4 $36 {Bulgarini,M-Frey,H/Vina del Mar 1998}) 9...
Bb7 10. Be2 a5 11. O-O Bg7 12. Bh6 O-O 13. Ng4 $6 {Everything for the attack!}
Nxg4 (13... Rfe8 $6 14. Bxg7 Nxg4 15. fxg4 Kxg7 16. Rf3 $40 {[%cal Gf3h3,Gd2h6]
}) 14. fxg4 b4 15. Nd1 $5 c5 16. d5 e6 17. axb4 Bxh6 (17... axb4 18. Rxa8 Bxa8
19. Bxg7 Kxg7 20. Ne3 Qe7 $132 {[%cal Gh7h6,Ge7g5]} (20... exd5 $2 21. Nf5+
gxf5 22. Qg5+ Kh8 23. Qf6+ Kg8 24. Rxf5 {[%cal Gf5g5]} h6 25. Rh5 $1 $18)) 18.
Qxh6 cxb4 (18... axb4) 19. Ne3 exd5 20. Kh1 $5 {[%cal Gg4g5,Ge3g4,Gg4f6]} dxe4
$5 {Black is not satisfied with equality after} (20... d4 21. Nf5 gxf5 (21...
f6 22. Nxd4 Qe7 23. Bd3 a4 $13) 22. Qg5+ Kh8 23. Qf6+ Kg8 24. Rxf5 Bxe4 $11 {
and strives for more.}) 21. g5 $1 Bc8 $2 {Very bad move permitting white to
develop serious initiative. After accurate} (21... Nd5 $1 22. Ng4 Kh8 23. Rf4
$1 (23. Nf6 $2 Nxf6 24. gxf6 Rg8 25. Rf4 g5 26. Rf5 Rg6 $19) 23... Rg8 $8 (
23... Qxc2 $2 24. Nf6 Nxf6 25. gxf6 Rg8 26. Qxh7+ Kxh7 27. Rh4#) 24. Raf1 Nxf4
25. Rxf4 Rg7 26. Nf6 Qxc2 $19 {black is just on time to defend everything.})
22. Rf4 d5 23. Raf1 d4 $2 (23... f5 $8 24. gxf6 Rf7 25. h4 $40) 24. Rh4 f5 25.
gxf6 dxe3 (25... Ra7 26. Rxe4 Qc5 27. Ng4 $36) 26. Rxe4 $1 $18 {[%cal Ge4e7]
Black is helpless against Re7!} Ra7 (26... Nd5 27. Re7 $1 $18) (26... Ba6 27.
Bxa6 Rxa6 28. f7+ $1 Qxf7 (28... Rxf7 29. Re8+ Rf8 30. Rfxf8#) 29. Rxf7 Kxf7
30. Qxh7+ $18) 27. f7+ $1 Qxf7 28. Rxf7 Raxf7 29. h3 Bf5 30. Re5 Bxc2 31. Qxe3
Rf6 32. Rxa5 b3 33. Rb5 Nc8 34. Bc4+ Kh8 35. Qe5 Nd6 36. Rb8 $1 1-0

[Event "USA-CHN Summit 2nd"]
[Site "Shanghai"]
[Date "2002.07.14"]
[Round "3"]
[White "Nakamura, Hikaru"]
[Black "Zhao, Jun"]
[Result "1-0"]
[WhiteElo "2494"]
[BlackElo "2363"]
[Annotator "Finkel,A"]
[PlyCount "99"]
[EventDate "2002.07.11"]
[EventType "team"]
[EventRounds "4"]
[EventCountry "CHN"]
[SourceTitle "CBM 091"]
[Source "ChessBase"]
[SourceDate "2002.11.12"]
[SourceVersion "1"]
[SourceVersionDate "2002.11.12"]
[SourceQuality "1"]

1. d4 d6 2. e4 Nf6 3. Nc3 g6 4. Bg5 Bg7 5. Qd2 h6 6. Be3 Ng4 7. Bf4 e5 8. dxe5
Nxe5 9. Be3 {Intending to play f4.} (9. O-O-O Nbc6 10. Nd5 (10. Bg3 Be6 11. Nd5
a6 12. f4 Nd7 13. Nf3 Nc5 14. Qe1 $14 {Eschenbrenner,W-Gruebner,C/Germany 1993}
) (10. h3 Be6 11. Be3 Nc4 12. Bxc4 Bxc4 13. Nf3 Be6 14. Nd5 Qd7 15. Rhe1 O-O-O
$13 {Zaitsev,I-Savon,V/Yerevan 1962}) 10... Be6 11. h3 Rb8 12. Be3 b5 13. f4
Nc4 14. Bxc4 bxc4 15. c3 O-O $11 {Lugovoi,A-Sakaev,K/St Petersburg 1995}) (9.
h3 Be6 10. O-O-O Qf6 11. Be3 Nbc6 12. f4 Nc4 13. Bxc4 Bxc4 14. Nf3 O-O 15. Qf2
Nb4 16. e5 dxe5 17. Nxe5 Qa6 18. a3 Nc6 19. Nxc6 Qxc6 $11 {Tseitlin,
M-Flueckiger,C/Biel 1997}) 9... Nbc6 10. h3 g5 {Trying to secure the position
of the knight on e5.} (10... Be6 11. Nd5 (11. b3 Qf6 12. Nge2 O-O-O 13. f4 Nd7
14. g4 Nc5 15. Bg2 Qe7 16. O-O-O $13 {Kotan,L-Suto,G/Hungary 1998}) 11... Ne7
12. Bd4 O-O 13. f4 Bxd5 14. exd5 $14 {Dekker,T-Pospelov,E/Zalakaros 1996}) 11.
g3 (11. O-O-O f5 12. f4 gxf4 13. Bxf4 Be6 14. exf5 Bxf5 15. Be2 Qd7 16. Nf3
O-O-O $11 {Lutikov,A-Parma,B/Sarajevo 1969}) 11... Be6 12. Nd5 $5 Ne7 $6 {
A bit passive. More accurate was} (12... f5 $5 13. f4 gxf4 14. Nxf4 (14. gxf4
Nd7 15. exf5 Bxf5 16. O-O-O Nf6 $11) 14... Bd7 15. exf5 Bxf5 16. O-O-O Qe7 17.
g4 Be4 $132 {with unclear position.}) 13. f4 gxf4 14. gxf4 N5c6 15. O-O-O f5 (
15... Qd7 16. Ne2 O-O-O 17. Nec3 f5 18. Rg1 Rdg8 (18... Rhg8 $2 19. Rxg7 Rxg7
20. Nf6 $18) 19. Nb5 $36 {[%csl Rc7]}) 16. Bc4 Bf7 17. exf5 Nxd5 (17... Nxf5
18. Bf2 Qd7 19. Re1+ Kf8 20. Nf3 $14 {[%csl Rf8]}) 18. Bxd5 Qd7 19. Ne2 Qxf5
20. Bxc6+ $1 {Exchanging the right piece. Now white bishops comes to d4.} bxc6
21. Bd4 Bxd4 $6 (21... Rg8 $5 22. Bxg7 (22. Rhg1 Kf8 23. Rxg7 Rxg7 24. Bxg7+
Kxg7 25. Qc3+ Kh7 26. Qxc6 Re8 $13) 22... Rxg7 23. Qc3 Kf8 24. Qxc6 Re8 $132)
22. Nxd4 Qd5 23. Qc3 Qc4 (23... O-O-O 24. Nxc6 Qxa2 25. Nxd8 $18) 24. Qxc4 Bxc4
25. Nxc6 Kf7 26. Nd4 Kf6 27. b3 Bf7 28. Rhg1 a6 $5 {[%csl Gb5]} 29. Rde1 Rhg8
30. Kd2 c5 31. Ne2 Be6 {Black has good chances to hold the position, but he
has to play accurately.} (31... a5 $5 32. c4 a4) 32. c4 h5 $6 {Serious
inaccuracy permitting white to consolidate his position.} (32... d5 33. cxd5
Bxd5 34. Kd3 Be6 $14) 33. Ng3 Bxh3 34. Nxh5+ Kf5 35. Ke3 Rae8+ 36. Kf3 Rxe1 37.
Rxg8 Rf1+ 38. Ke3 Re1+ 39. Kf3 Rf1+ 40. Ke3 Re1+ 41. Kd2 Ra1 (41... Rb1 $5 42.
Kc2 Re1) 42. a4 Ke4 (42... Bg4 $2 43. Rg5+ $18) 43. Rg6 $18 d5 44. cxd5 Kxd5
45. Rxa6 c4 46. Nf6+ Kc5 (46... Kd4 47. Rd6+ Kc5 48. Ne4+ Kb4 49. Rb6+ Ka3 50.
bxc4 $18) 47. Ra5+ Kb6 48. b4 Be6 49. Nd5+ Kc6 50. Nc3 1-0

[Event "EU-ch 6th"]
[Site "Warsaw"]
[Date "2005.06.26"]
[Round "8"]
[White "Firman, Nazar"]
[Black "Nijboer, Friso"]
[Result "1/2-1/2"]
[WhiteElo "2471"]
[BlackElo "2553"]
[Annotator "Finkel,A"]
[PlyCount "137"]
[EventDate "2005.06.18"]
[EventType "swiss"]
[EventRounds "13"]
[EventCountry "POL"]
[SourceTitle "CBM 108"]
[Source "ChessBase"]
[SourceDate "2005.09.26"]
[SourceVersion "1"]
[SourceVersionDate "2005.09.26"]
[SourceQuality "1"]

1. e4 d6 2. d4 Nf6 3. Nc3 g6 4. Be3 c6 5. Qd2 Nbd7 6. f3 b5 7. g4 Nb6 (7... h6
8. h4 Bg7 9. Nge2 Nb6 10. Ng3 Qc7 11. b3 $36) 8. h4 (8. a4 Nc4 9. Bxc4 bxc4 10.
Qe2 d5 11. e5 Nd7 $13) (8. Bh6 Bxh6 9. Qxh6 e5 10. Nge2 Qe7 $10) 8... h5 9. g5
Nfd7 10. d5 (10. f4 Bg7 11. f5 O-O 12. Bd3 Nc4 $13) 10... Ne5 11. dxc6 {
It's interesting that Nijboer played this position with white a couple of
times, each time choosing a different continuation!} (11. Bd4 Bg7 $8 12. dxc6
Nbc4 13. c7 Qd7 14. Qc1 O-O 15. Nd5 Bb7 16. Bh3 Qe8 17. f4 Nd7 18. Bxg7 Kxg7
19. b3 $14 {Nijboer,F-Timman,J/NLD-ch 1997}) 11... Nbc4 12. Bxc4 Nxc4 13. Qd4 {
Following Nijboer's game versus Smirin.} (13. Qd3 Bg7 14. Nge2 Ne5 15. Qxb5
Nxf3+ 16. Kf2 Ne5 17. Nd5 O-O 18. Kg3 e6 19. c7 Qd7 20. Qxd7 Bxd7 $15 {
Volokitin,A-Beliavsky,A/Portoroz 2001}) 13... Rg8 14. Nge2 {This move appears
to be a novelty, however it shouldn't bring white any dividends had black
opted for the right way to meet it.} (14. Nxb5 Qa5+ 15. Nc3 Be6 (15... Nxb2 $5)
16. Bd2 $5 (16. Kf2 $2 Bg7 17. Qd3 Nxb2 18. Qb5 Bxc3 $19 {Balogh,C-Resika,N/
Budapest 2000}) (16. b4 Qa3 17. Bc1 Qxb4 18. Rb1 Qa5 19. Nge2 Bg7 $15 {Nijboer,
F-Smirin,I/Pula 1997}) 16... Bg7 17. Qd3 Nxb2 18. Qb5 Nc4 19. Rb1 Bxc3 20. Qb8+
Bc8 21. Qxa8 Bxd2+ $2 22. Kd1 Kd8 23. Rb7 $18 {Molander,R-Keskinen,S/Helsinki
2002}) 14... Be6 {Deserved attention to put a bishop on a6 to protect a pawn
on b5.} (14... Bg7 15. Qd3 Ba6 $13) 15. Qd3 Qc8 ({Less accurate is} 15... Nxe3
$6 16. Qxe3 Qa5 17. Nd4 (17. Nf4 Bg7 18. Nxe6 fxe6 19. O-O Qa6 $13) 17... Bg7
18. O-O Bc4 19. Rfe1 Qb6 20. Rad1 $14 {in both cases with better prospects for
white.}) 16. Nd4 Nxb2 17. Qxb5 Rb8 18. Qa5 Bg7 19. Rb1 $6 (19. Nd5 $5 Nc4 20.
Qa4 Nxe3 21. Nxe3 Bxd4 (21... Kf8 22. c3 $16) 22. Qxd4 Qxc6 23. Qxa7 Ra8 24.
Qd4 $14 {[%csl Re8,Rg8]}) 19... Bxd4 $2 {Blundering away a piece!} (19... Nc4
20. Rxb8 Nxa5 21. Rxc8+ Bxc8 22. Ncb5 a6 23. Na7 (23. Nc7+ Kd8 24. Nd5 Nc4 25.
Bf2 e6 $13) 23... Kd8 24. Ke2 Kc7 25. Rb1 Bxd4 26. Bxd4 Nxc6 27. Nxc6 Kxc6 $11)
20. Bxd4 Qxc6 21. Qa3 $18 {[%csl Rb2,Rb8]} Qc4 (21... Nd3+ 22. cxd3 Qxc3+ 23.
Bxc3 Rxb1+ 24. Kf2 Rxh1 25. Qxa7 $18) 22. Bxa7 $2 ({Missing a simple win after
} 22. Be3 $1 Rc8 (22... Qb4 23. Qxb4 Rxb4 24. Bc1 $18) 23. Ne2 Na4 24. Rb4 $18)
22... Qb4 $1 $16 {Now black is back in the game, even though his defensive
task isn't very simple.} 23. Qxb4 Rxb4 24. Be3 (24. a3 Rb7 (24... Rc4 $2 25.
Kd2 Na4 26. Nxa4 Rxa4 27. Rb8+ $18) 25. Bd4 Bc8 26. Ke2 Kd7 27. Nd5 Nc4 $16)
24... Kd7 25. Bc1 Rgb8 26. Rxb2 Rxb2 27. Bxb2 Rxb2 28. Kd2 Kc6 (28... Bxa2 $2
29. Kc1 $18) 29. Ra1 (29. a3 $5) 29... f6 30. Rg1 f5 31. a3 Rb8 32. Re1 (32.
Ne2 fxe4 33. fxe4 Bf7 34. Ra1 Ra8 35. a4 Kc5 36. Kc3 e5 37. Nc1 $16) 32... fxe4
33. Rxe4 Kd7 34. Ra4 Rb7 35. Rb4 $6 {[%csl Rb4]} Ra7 36. Nb5 Ra5 37. a4 Bd5 38.
Ke3 Ra8 39. c4 Bc6 40. Nc3 Ke6 41. Nb5 Kd7 42. f4 e6 43. Nc3 Kc7 44. Kd3 Rf8
45. Ke3 Ra8 46. Kd3 Rf8 47. Ne2 e5 48. Ke3 (48. fxe5 dxe5 49. c5 Rf3+ 50. Kd2
Rh3 51. Nc3 Rh2+ 52. Kd3 Rh3+ 53. Kc2 Rh2+ 54. Kb3 Rh1 $132) 48... Re8 49. Kd2
Rf8 50. fxe5 dxe5 51. c5 Rf2 $6 52. a5 Rf8 53. a6 Rd8+ 54. Ke3 Rd1 55. Nc3 Re1+
56. Kd3 Ra1 57. Rb6 Rh1 58. Nb5+ (58. a7 Ra1 59. Rb8 Rxa7 60. Rg8 Bd7 61. Ke4
Bf5+ 62. Kd5 $18) 58... Bxb5+ 59. Rxb5 Rxh4 60. Ra5 $2 (60. Rb6 Ra4 61. Rxg6 h4
62. Rh6 h3 63. Ke3 h2 64. Rxh2 Rxa6 65. Ke4 $18) 60... Rd4+ 61. Ke3 Kb8 $1 $11
62. Rb5+ Ka7 63. Rb6 h4 64. Rxg6 h3 65. Kf3 e4+ 66. Kg3 (66. Ke3 Rd5 67. Kxe4
h2 68. Rh6 Rxg5 $11) 66... e3 67. Re6 Rg4+ $1 68. Kxh3 Rxg5 69. Rxe3 1/2-1/2

[Event "SUI-ch"]
[Site "Leukerbad"]
[Date "2002.07.14"]
[Round "4"]
[White "Jenni, Florian"]
[Black "Ekstroem, Roland"]
[Result "1/2-1/2"]
[WhiteElo "2505"]
[BlackElo "2471"]
[Annotator "Finkel,A"]
[PlyCount "119"]
[EventDate "2002.07.11"]
[EventType "tourn"]
[EventRounds "9"]
[EventCountry "SUI"]
[EventCategory "9"]
[SourceTitle "CBM 091"]
[Source "ChessBase"]
[SourceDate "2002.11.12"]
[SourceVersion "1"]
[SourceVersionDate "2002.11.12"]
[SourceQuality "1"]

1. e4 d6 2. d4 Nf6 3. Nc3 g6 4. Be3 c6 5. Qd2 b5 6. Bd3 Bg7 7. f3 a6 (7... Nbd7
8. Nge2 a6 9. a4 b4 10. Nd1 Rb8 11. O-O Qc7 12. c3 bxc3 13. Ndxc3 O-O 14. Rfc1
Bb7 15. b4 $14 {Lombardy,W-Waterman,D/Ventura 1971}) 8. a4 $6 {Weakening the
queenside without any particular reason.} (8. Bh6 Bxh6 9. Qxh6 e5 10. dxe5 dxe5
11. a4 b4 12. Nd1 Be6 13. Ne2 b3 14. Qe3 bxc2 15. Bxc2 Nbd7 16. a5 $14 {
Kallio,H-Palmo,P/Naantali 1996}) (8. g4 e5 9. dxe5 dxe5 10. Nge2 Be6 11. Ng3 h5
12. g5 Ng8 13. O-O Nd7 14. a4 $14 {Kharashkina,B-Mirzoeva,E/Elista 2000}) 8...
Bb7 9. Nge2 (9. axb5 cxb5 10. Nge2 Nbd7 11. O-O O-O 12. Nc1 Nb6 13. Nb3 Nc4 14.
Bxc4 bxc4 15. Na5 Qc7 16. Ra3 $14 {Wulf,J-Potrykus,D/Germany 1992}) 9... Nbd7
10. Bh6 (10. O-O O-O 11. Nd1 (11. Kh1 Qc7 12. Ng3 e5 13. dxe5 dxe5 14. Qf2 Rfe8
15. Rfd1 Nf8 16. Nb1 Ne6 17. Nd2 Nd7 18. c3 Bf8 $11 {Geller,E-Hort,V/Amsterdam
1970}) 11... Qc7 12. Nf2 e5 13. c3 d5 14. Bh6 Rfe8 15. Bxg7 Kxg7 16. exd5 Nxd5
17. Ng4 $36 {Frolov,A-Popov,A/Voroshilovgrad 1989}) 10... O-O 11. h4 $5 {
Starting an actions on the kingside.} e5 12. h5 Re8 (12... Nxh5 13. g4 Nhf6 14.
Bxg7 Kxg7 15. Qh6+ Kg8 16. g5 Nh5 17. Ng3 exd4 18. Nce2 $40) 13. hxg6 fxg6 14.
Bxg7 Kxg7 15. d5 Qb6 (15... b4 16. dxc6 Bxc6 (16... bxc3 17. Qh6+ Kh8 18. cxd7
Qxd7 19. Nxc3 $16) 17. Nd1 a5 18. Qh6+ Kh8 19. Ne3 $14) 16. dxc6 Bxc6 17. Ng3
Nc5 18. a5 {Interesting attempt to close the queenside.} (18. Qg5 Kf7 19. Nd5
$6 Bxd5 20. exd5 Nxd3+ 21. cxd3 h5 $1 $17 {[%csl Rd5]}) 18... Qd8 19. b4 Ne6
20. Nce2 (20. Qh6+ Kg8 21. Nd5 $6 Bxd5 22. exd5 Nf4 23. Ne4 Ra7 $1 $15) 20...
Ra7 21. O-O-O {White king feels very safe on b1.} Rd7 22. Rh4 Qe7 23. Rdh1 Kg8
24. Qe3 (24. f4 exf4 25. Nxf4 Nxf4 26. Rxf4 Qe5 $13) 24... Rc8 25. f4 exf4 26.
Nxf4 Nxf4 27. Qxf4 Rf8 (27... Qe5 $5) 28. Qg5 Qe5 29. Nf5 Rg7 30. Nh6+ Kh8 31.
Qxe5 dxe5 32. Rf1 Nd7 33. Rhh1 Re7 34. g4 $6 {Too slow. Very dangerous for
black was} (34. c4 $5 Kg7 (34... bxc4 35. Bxc4 Bb7 36. Rxf8+ Nxf8 37. Nf7+ Kg7
38. Nd6 $16) 35. cxb5 axb5 36. Rxf8 Nxf8 37. Kc2 Ne6 38. Ng4 $14 {[%cal Gh1a1,
Ga5a6] and white a-pawn is not so easy to stop.}) 34... Kg7 35. g5 Rxf1+ 36.
Rxf1 Nf8 37. Ng4 Bd7 38. Nf6 Be6 39. Nd5 Rd7 40. Nb6 (40. c4 $5 bxc4 41. Bxc4
Rd6 42. Kb2 Nd7 43. Rd1 $1 h6 $140 $2 44. gxh6+ Kxh6 45. Bxa6 $1 Rxa6 46. Nc7
Rc6 47. Nxe6 Rxe6 48. Rxd7 $18) 40... Rd4 41. Na8 Rxb4 42. Nc7 Bf7 (42... Ra4
$2 43. Rf6 Bc8 44. Ne8+ Kg8 45. Rc6 Bb7 46. Rc7 $18) 43. Rf6 h6 44. Rxa6 hxg5
45. Rd6 (45. Rb6) 45... g4 46. a6 g3 47. Bxb5 (47. Bf1 Ra4 48. Kd2 Ra1 49. Bg2
b4 $13) 47... g2 48. Rd1 Ba2 $1 $11 {Accurate move forcing a draw.} 49. Kd2 Rb1
50. Rxb1 Bxb1 51. a7 g1=Q 52. a8=Q Bxc2 53. Qa3 Qf2+ 54. Be2 Bxe4 55. Qe7+ Kh6
56. Qxe5 Bf5 57. Nd5 Ne6 58. Qh8+ Kg5 59. Qf6+ Kh6 60. Qh8+ 1/2-1/2